00741nam a2200229 a 4500001000200000003000900002005001700011008003800028020001800066040002600084082002700110100004600137245005800183260005400241300002300295490001300318586005600331650002200387650003400409650002400443710004400467 DO-SdBNP20240318103042.0091001s2016 mx a r 000 0 spa d a9786076053867 aDO-SdBNPbspacBPMSU  aM861.6bV719m 20162221 aVillarreal, Minerva Margarita, d 1957- 10aLas maneras del agua /cMinerva Margarita Villareal.  aMéxico:bFondo de Cultura Económica, c2016 a81 p. ;c22 cm.b 0 aPoesía aPremio Bellas Artes de Poesía Aguascalientes 2016 4aPoesía mexicana 4aVida cotidiana vPoesías.  4aLiteratura mexicana2 aFondo de Cultura Económica (México)